000 00599nam a22001937a 4500
003 BD-DhJNU
005 20260420025510.0
008 260420b |||||||| |||| 00| 0 eng d
020 _a063120296x
040 _aBD-DhJNU
_bEng
_cBD-DhJNU
_dBD-DhJNU
082 _223
_a930.101
100 _aJohnson, Matthew
245 _aArchaeological theory :
_ban introduction /
_c Matthew Johnson
260 _aOxford :
_bBlackwell Publishers,
_c2002.
300 _a239 p. :
_bill. ;
_c22 cm.
504 _aincludes bibliographical reference and index
650 _aArchaeology -- Philosophy
942 _2ddc
_cBK
_n0
999 _c2692
_d2692